Normal view
MARC view
- HELDT, P. M
Entry Personal Name
001 - CONTROL NUMBER
- control field: 79198
003 - CONTROL NUMBER IDENTIFIER
- control field: NUST
005 - DATE AND TIME OF LATEST TRANSACTION
- control field: 20210628210407.0
008 - FIXED-LENGTH DATA ELEMENTS
- fixed length control field: 210628|| aca||aabn | a|a d
040 ## - CATALOGING SOURCE
- Original cataloging agency: NUST
- Transcribing agency: NUST
100 ## - HEADING--PERSONAL NAME
- Personal name: HELDT, P. M
670 ## - SOURCE DATA FOUND
- Source citation: Work cat.: (NUST): HELDT, P. M, THE AUTOMOTIVE CHASSIS WITHOUT POWERPLANT, 1952
